| 000 | 00794cam a2200133 4500500 | ||
|---|---|---|---|
| 005 | 20260329023216.0 | ||
| 041 | _afre | ||
| 042 | _adc | ||
| 100 | 1 | 0 |
_aSeca, Jean-Marie _eauthor |
| 245 | 0 | 0 | _aLes représentations sociales |
| 260 |
_bArmand Colin,
_c2010. |
||
| 520 | _aPREMIÈRE PARTIE : ORIGINES ET SIGNIFICATIONS 1. Enjeux théoriques et sociopolitiques 2.Définitions et champ d’étude DEUXIÈME PARTIE : PHÉNOMÉNOLOGIE 3. Processus, fonctions et organisation 4. Approches des contenus TROISIÈME PARTIE : DYNAMIQUE ET PRAXIS 5. Saisie de la structure : complexité et schèmes 6. Articulations avec les conduites : polyphasie cognitive et changement | ||
| 856 | 4 | 1 | _uhttps://shs.cairn.info/les-representations-sociales--9782200249168?lang=fr&redirect-ssocas=7080 |
| 999 |
_c1925498 _d1925498 |
||